000 00941nmc a2200313 a 4500
003 AR-BaBNM
005 20251128203150.0
008 011101s1962 ||||||||||||||000 | spa||
040 _cAR-BaBNM
100 1 _aVaizey, John
245 1 0 _aEducación y economía
260 _aMadrid
_bRialp
_c1962
300 0 _a215 p.
490 0 _aBiblioteca de educación y ciencias sociales. Investigaciones y ensayos
_vv. 1
500 0 _aEl ejemplar 123896 tiene como Signatura Topográfica: SA 31-5
650 4 _aECONOMIA DE LA EDUCACION
650 4 _aDESARROLLO ECONOMICO
650 4 _aREMUNERACION DE LOS DOCENTES
650 4 _aDOCENTES
651 4 _aInglaterra
651 4 _aFrancia
651 4 _aEstados Unidos
653 0 _aEQUIPAMIENTO EDUCATIVO
700 1 _aGarcía Hoz, Víctor
_eprologuista
700 1 _aEchevarría, Luis Eduardo
_etraductor
800 1 _aGarcía Hoz, Víctor
_edirector
942 _cBK
998 _cCarmen
999 _c2192
_d2192